Hawaii Head Football Coaches by Picture - Statistics

General Stats
  • This quiz has been taken 3 times
  • The average score is 3 of 20
Answer Stats
Picture Hint Answer % Correct
1999-2007 June Jones
100%
2022-Present Timmy Chang
100%
2016-2019 Nick Rolovich
33%
2012-2015 Norm Chow
33%
2020-2021 Todd Graham
33%
1951 Archie Kodros
0%
1987-1995 Bob Wagner
0%
2015 Chris Naeole
0%
1965 Clark Shaughnessy
0%
1968-1973 Dave Holmes
0%
1977-1986 Dick Tomey
0%
1940-1941 Eugene Gill
0%
1996-1998 Fred von Appen
0%
2008-2011 Greg McMackin
0%
1952-1960 Hank Vasconcellos
0%
1962-1964 Jim Asato
0%
1974-1976 Larry Price
0%
1921-1939 Otto Klum
0%
1966 Phil Sarboe
0%
1916 W. H. Britton
0%
No matching quizzes found
Score Distribution
Percent of People with Each Score
Percentile by Number Answered
Your Score History
You have not taken this quiz